00653 2200217 4500001002100000005001500021035002000036008004100056245006400097100001400161250001400175260004500189300004600234020002200280084001600302082001000318650003200328990002500360990002500385990002500410INLIS00000000002616820240316115204 a0010-0823000626240316 b 1 ind 1 aMalam yang Menegangkan /cTere Liye ; ilustrasi, Indra Bayu aTere Liye aCetakan 1 aJakarta :bGramedia Pustaka Utama,c2021 a72 halaman :bilustrasi berwarna ;c30 cm a978-602-065-276-4 a398.2 TER m a398.2 4aDongeng, Bacaan kanak-kanak a3490/B/DINARPUS/2023 a3491/B/DINARPUS/2023 a3492/B/DINARPUS/2023